| 000 | 00316nam a22000977a 4500 | ||
|---|---|---|---|
| 100 |
_aBARLOW, Colin _aMUHARMINTO |
||
| 245 | _aSmallholder rubber in South Sumatra: Towards economic improvement | ||
| 260 |
_aBogor, Indonesia _bBalai Penelitian Perkebunan (Plantation Research Center) _c1982 |
||
| 300 | _a77p. | ||
| 942 | _cBK | ||
| 999 |
_c75435 _d75435 |
||